| 000 | 00742nam a2200241 a 4500 | ||
|---|---|---|---|
| 001 | BRCA_7839 | ||
| 005 | 20190320210022.0 | ||
| 008 | 071113s1958----mx-ae#####---#000-0#spa-# | ||
| 041 | _aspa | ||
| 044 | _amx | ||
| 050 | 4 |
_aF1391.T4 _b.G36 1958 |
|
| 100 | 1 |
_aGante, Pablo C. de _911406 |
|
| 245 | 1 | 0 |
_aTepotzotlán _bsu historia y sus tesoros artísticos _cPablo C. de Gante. |
| 260 |
_aMéxico _bPorrúa _c1958 |
||
| 300 |
_axiv, 220 p. _bil., 104 láminas, planos _c19 cm. |
||
| 500 | _aY52 | ||
| 650 | 1 | 4 |
_aArte _zTepotzotlán, México (Estado) _917415 |
| 650 | 1 | 4 |
_aConventos y monasterios _zMéxico _99892 |
| 650 | 1 | 4 |
_aArte colonial _97904 |
| 651 | 4 |
_aTepotzotlán, México (Estado) _xHistoria _919406 |
|
| 902 | _aGFM | ||
| 942 |
_2lcc _cB |
||
| 999 |
_c7513 _d7513 |
||